00484nam a2200181 a 4500001001300000003000900013005001700022008004100039020002200080082001600102100002100118245002900139260004700168300000800215500003500223650002300258700002100281nice12345678IN_TiNIC20260116014458.0070313s2004 newa grp 000 0 eng  a8176495913 c9900a155.25bSCO aScott, Cynthia D aManaging Personal Change aNew Delhi bViva Books, 3rd Edition c2004 a71p aincludes index and biblioraphy aSelf-Actualization1 aScott, Cynthia D